000
00263nam a2200097Ia 4500
001
850848
005
20250826174445.0
008
250824s9999 xx 000 0 und d
245
0
_a
BİR KÜÇÜK OSMANCIK VARDI
_c
HASAN NAİL CANAT
260
_b
GENÇ TİMAŞ YAYINLARI
999
_c
850848
_d
850848